000 00916nam a2200289Ia 4500
003 OSt
005 20221007123746.0
006 a|||||r|||| 00| 0
007 ta
008 221006b |||||||| |||| 00| 0 eng d
020 _a0854046097 (pbk)
024 _a15207
037 _b037, 05/08/2005, Dhanraj Book House
_cTextual
040 _aCDL
_cCDL
_beng
041 _2eng
_aeng
082 _aE:3,T5, P4 Carc
100 _aDownard Kevin M
_9717777
245 0 _aMass spectrometry: A foundation course
260 _aCambridge
_bThe Royal Society of Cambridge
_c2004
300 _axvi, 210p.
_ccm.
500 _aAppendix 1-11 182-205p.; Index 206-210p.
650 _a Mass spectrometry
_9717778
650 _a Spectrometry
_9715865
650 _aChemistry
942 _hE:3,T5, P4 Carc
_cTEXL
_2CC
999 _c1212444
_d1212444